000 00328 a2200157 4500
001 61956
020 _a9788576654063
040 _cAnchieta - Pituba
100 _aFelício, Cláudia
240 1 0 _aPára tudo!
_lpor
245 1 0 _aPára tudo!
300 _a114
362 0 _a2008
650 4 _aLiteratura juvenil
942 _cBK
999 _c61956
_d61956